[Event "Wch Seniors 50 28th"]
[Site "Bled"]
[Date "2018.11.27"]
[Round "9"]
[White "Smolin, Sergey"]
[Black "Bennett, Hilton Petrie"]
[Result "1/2-1/2"]
[WhiteElo "2140"]
[BlackElo "1929"]
[PlyCount "86"]
[EventDate "2018.11.18"]
[EventType "swiss"]
[EventRounds "11"]
[EventCountry "SLO"]
[SourceTitle "CBM 187 Extra"]
[Source "ChessBase"]
[SourceDate "2018.11.04"]
[SourceVersion "1"]
[SourceVersionDate "2018.11.04"]
[SourceQuality "1"]

1. e4 g6 2. d4 Bg7 3. c3 d6 4. f4 Nf6 5. Bd3 0-0 6. Nf3 c5 7. dxc5 Nbd7 8. Be3 Nxc5 9. Bxc5 dxc5 10. Qe2 Qc7 11. g3 a6 12. a4 b6 13. Nbd2 Bb7 14. 0-0 e6 15. e5 Nd5 16. Ne4 Rfd8 17. Nd6 Bf8 18. Nxb7 Qxb7 19. c4 Nb4 20. Be4 Nc6 21. Qg2 Rac8 22. h4 Qc7 23. h5 Nd4 24. hxg6 Nxf3+ 25. Qxf3 hxg6 26. Rad1 Rxd1 27. Rxd1 Rd8 28. Kg2 Rxd1 29. Qxd1 Be7 30. Kf3 a5 31. g4 Qd8 32. Qc2 Kg7 33. f5 Bg5 34. fxg6 fxg6 35. Bxg6 Qd4 36. Bh5 Qe3+ 37. Kg2 Qd2+ 38. Qxd2 Bxd2 39. Kf3 Bg5 40. Ke4 Bc1 41. b3 Bg5 42. Be8 Kf8 43. Bg6 Kg7 1/2-1/2

[Event "Wch Seniors 50 28th"]
[Site "Bled"]
[Date "2018.11.26"]
[Round "8"]
[White "Bennett, Hilton Petrie"]
[Black "Kolesar, Milan"]
[Result "0-1"]
[WhiteElo "1929"]
[BlackElo "2198"]
[PlyCount "98"]
[EventDate "2018.11.18"]
[EventType "swiss"]
[EventRounds "11"]
[EventCountry "SLO"]
[SourceTitle "CBM 187 Extra"]
[Source "ChessBase"]
[SourceDate "2018.11.04"]
[SourceVersion "1"]
[SourceVersionDate "2018.11.04"]
[SourceQuality "1"]

1. e4 c5 2. Nc3 Nc6 3. f4 g6 4. Nf3 Bg7 5. Bb5 Nd4 6. Bd3 d6 7. Nxd4 cxd4 8. Ne2 e5 9. 0-0 Nf6 10. c3 Qb6 11. Kh1 0-0 12. cxd4 exd4 13. b3 Re8 14. Ng3 Bg4 15. Qc2 Rac8 16. Qb1 h5 17. h3 h4 18. hxg4 hxg3 19. g5 Ng4 20. Bb2 Nf2+ 21. Rxf2 gxf2 22. Qf1 a5 23. Rb1 Qc6 24. Qxf2 Rxe4 25. Rc1 Qxc1+ 26. Bxc1 Rxc1+ 27. Kh2 Rxf4 28. Qe2 Be5 29. g3 Rh4+ 30. Kg2 Rhh1 31. Qf2 Rcg1+ 32. Qxg1 Rxg1+ 33. Kxg1 Bxg3 34. Be4 b6 35. Kg2 Bf4 36. d3 Bxg5 37. Bd5 Kg7 38. Kf3 f5 39. Bc6 Kf6 40. Bd7 Bc1 41. Kg3 g5 42. Kf3 g4+ 43. Kg3 Kg5 44. Kg2 f4 45. Bc6 Kh4 46. Kh2 f3 47. Kg1 Kg3 48. Bd7 Kf4 49. Be6 g3 0-1

[Event "Wch Seniors 50 28th"]
[Site "Bled"]
[Date "2018.11.22"]
[Round "5"]
[White "Jones, David"]
[Black "Bennett, Hilton Petrie"]
[Result "0-1"]
[WhiteElo "1894"]
[BlackElo "1929"]
[PlyCount "68"]
[EventDate "2018.11.18"]
[EventType "swiss"]
[EventRounds "11"]
[EventCountry "SLO"]
[SourceTitle "CBM 187 Extra"]
[Source "ChessBase"]
[SourceDate "2018.11.04"]
[SourceVersion "1"]
[SourceVersionDate "2018.11.04"]
[SourceQuality "1"]

1. d4 Nf6 2. Nf3 g6 3. Nc3 Bg7 4. Bf4 d6 5. e3 0-0 6. Be2 h6 7. h4 Nbd7 8. Qd2 c5 9. d5 a6 10. a4 Rb8 11. Rb1 Nh5 12. g4 Nxf4 13. exf4 Nf6 14. g5 Ng4 15. h5 Bf5 16. Ng1 Bd4 17. Nd1 hxg5 18. fxg5 Qd7 19. f3 Ne5 20. f4 Ng4 21. Ra1 e6 22. Nf3 Bh8 23. hxg6 fxg6 24. Nf2 Nxf2 25. Kxf2 Bxb2 26. Rab1 Bg7 27. dxe6 Bxe6 28. Kg3 d5 29. Rb6 Rfd8 30. Rhb1 Qe8 31. Qe3 Bf5 32. Qxe8+ Rxe8 33. Bxa6 Bxc2 34. R1b2 Bxb2 0-1

[Event "Waikato op"]
[Site "Hamilton"]
[Date "2018.07.29"]
[Round "5"]
[White "Wang, Aaron Ziwen"]
[Black "Bennett, Hilton Petrie"]
[Result "0-1"]
[WhiteElo "1573"]
[BlackElo "1909"]
[PlyCount "74"]
[EventDate "2018.07.27"]
[EventType "swiss"]
[EventRounds "6"]
[EventCountry "NZL"]
[SourceTitle "CBM 186 Extra"]
[Source "ChessBase"]
[SourceDate "2018.08.24"]
[SourceVersion "1"]
[SourceVersionDate "2018.08.24"]
[SourceQuality "1"]

1. c4 Nf6 2. Nc3 g6 3. g3 Bg7 4. Bg2 0-0 5. e4 d6 6. Nge2 e5 7. d4 Nc6 8. d5 Ne7 9. 0-0 Nd7 10. f4 f5 11. Be3 Nf6 12. fxe5 Ng4 13. Bd4 dxe5 14. Bc5 b6 15. Bxe7 Qxe7 16. Qd3 Qc5+ 17. Kh1 Nf2+ 18. Rxf2 Qxf2 19. b4 fxe4 20. Nxe4 Qf7 21. Ng5 Qf5 22. Qxf5 Bxf5 23. d6 e4 24. Rd1 cxd6 25. Bxe4 Bxe4+ 26. Nxe4 Rfe8 27. N2c3 Rad8 28. Rxd6 Bxc3 29. Rxd8 Rxd8 30. Nxc3 Rd4 31. c5 bxc5 32. bxc5 Rc4 33. Nb5 a5 34. Nd6 Rxc5 35. Nb7 Rc1+ 36. Kg2 Rc2+ 37. Kh3 Rxa2 0-1